বিষয়বস্তু এড়িয়ে যান
VuFind
ভাষা
English
Deutsch
Español
Français
Italiano
日本語
Nederlands
Português
Português (Brasil)
中文(简体)
中文(繁體)
Türkçe
עברית
Gaeilge
Cymraeg
Ελληνικά
Català
Euskara
Русский
Čeština
Suomi
Svenska
polski
Dansk
slovenščina
اللغة العربية
বাংলা
Galego
Tiếng Việt
Hrvatski
हिंदी
সমস্ত ক্ষেত্রসমূহ
আখ্যা
লেখক
বিষয়
ডাক সংখ্যা
আইসবিএন/আইএসএসএন
ট্যাগ
অনুসন্ধান
বিস্তৃত
অনুসন্ধান
Rights of
সাইট করুন
এই ই-মেইলটি
মুদ্রণ
নথি এক্সপোর্ট করুন
এক্সপোর্ট করুন RefWorks
এক্সপোর্ট করুন EndNoteWeb
এক্সপোর্ট করুন EndNote
permanent_link
লোডিং...
Rights of
গ্রন্থ-পঞ্জীর বিবরন
প্রধান লেখক:
Ahuja, Ram
ভাষা:
English
হোল্ডিংস
বিবরন
অনুরূপ উপাদানগুলি
স্টাফেদের বিবরণ দেখুন
LEADER
00244nam a22001097a 4500
005
20160820112325.0
008
090805t xxu||||| |||| 00| 0 eng d
082
|a
396
|b
AHU
100
|a
Ahuja, Ram
|9
45
245
|a
Rights of
942
|c
BK
|6
_
999
|c
168151
|d
168151
অনুরূপ উপাদানগুলি
Rights of women A feminist perspective
অনুযায়ী: Ahuja, Ram
প্রকাশিত: (1992)
Rights of Women : a feminist perspctive /
অনুযায়ী: Ram Ahuja
প্রকাশিত: (1992)
Rights of women:feminist perspective
অনুযায়ী: Ahuja, Ram
প্রকাশিত: (1992)
Career oppurtunities in India: right man for the right job
অনুযায়ী: Ahuja, B N
প্রকাশিত: (1978)
Intellectual Property Rights in India
অনুযায়ী: Ahuja V K
প্রকাশিত: (2015)
লোডিং...